000 00368 a2200169 4500
001 190075
020 _a978-85-8217-158-5
040 _cMagnum
100 _aJunqueira, Sonia
240 1 0 _aA árvore de dinheiro
_lpor
245 1 0 _aA árvore de dinheiro
300 _a
362 0 _a2013
440 1 _aAutêntica
697 _aLITERATURA INFANTIL
942 _cBK
999 _c190075
_d190075